Rescue mission (Record no. 83361)

MARC details
000 -LEADER
fixed length control field 00719cab a22002055a 4500
001 - CONTROL NUMBER
control field L153748
008 - FIXED-LENGTH DATA ELEMENTS--GENERAL INFORMATION
fixed length control field 110824e20110820xxk 000 0 eng d
035 ## - SYSTEM CONTROL NUMBER
System control number (Sirsi) u153748
041 0# - LANGUAGE CODE
Language code of text/sound track or separate title eng
100 1# - MAIN ENTRY--PERSONAL NAME
Personal name Frisby, Sandra
245 00 - TITLE STATEMENT
Title Rescue mission
260 ## - PUBLICATION, DISTRIBUTION, ETC.
Date of publication, distribution, etc. 2011
490 ## - SERIES STATEMENT
Series statement Estates Gazette
Volume/sequential designation (1133) 20 August 2011, 56-58(2)
520 02 - SUMMARY, ETC.
Summary, etc. A recent publication, 'Preliminary Report to the Insolvency Service into Outcomes in Company Voluntary Arrangements' has analysed the returns offered by company voluntary arrangements in the light of some high-profile cases.
590 ## - LOCAL NOTE (RLIN)
Local note KA
651 #4 - SUBJECT ADDED ENTRY--GEOGRAPHIC NAME
Geographic name England and Wales
Chronological subdivision 1543-
690 ## - LOCAL SUBJECT ADDED ENTRY--TOPICAL TERM (OCLC, RLIN)
Topical term or geographic name as entry element MANAGEMENT-CORPORATE RECOVERY
700 1# - ADDED ENTRY--PERSONAL NAME
Personal name Reid, Tim
942 ## - ADDED ENTRY ELEMENTS (KOHA)
Suppress in OPAC 0
Holdings
Withdrawn status Lost status Source of classification or shelving scheme Damaged status Not for loan Home library Current library Shelving location Date acquired Total Checkouts Full call number Barcode Date last seen Copy number Price effective from Koha item type
    Dewey Decimal Classification     London London Journal article 24/08/2011   L153748 153748-1001 06/08/2019 1 06/08/2019 Journal article